[Event "Milan Crespi op-B 35th"]
[Site "Milan"]
[Date "2014.12.06"]
[Round "4"]
[White "Palvarini, Mario"]
[Black "Conta, Diego"]
[Result "0-1"]
[WhiteElo "1479"]
[BlackElo "1654"]
[PlyCount "92"]
[EventDate "2014.12.04"]
[EventType "swiss"]
[EventRounds "7"]
[EventCountry "ITA"]
[SourceTitle "EXT 2017"]
[Source "ChessBase"]
[SourceDate "2016.10.25"]
[SourceVersion "1"]
[SourceVersionDate "2016.10.25"]
[SourceQuality "1"]

1. e4 e6 2. d4 d5 3. Nc3 Nf6 4. exd5 exd5 5. Nf3 Be7 6. Be2 0-0 7. 0-0 Bg4 8. Re1 Nbd7 9. Qd3 c6 10. Bg5 h6 11. Bh4 Re8 12. Bg3 Bh5 13. Ne5 Nxe5 14. dxe5 Bg6 15. Qd1 Nh7 16. Bd3 Nf8 17. a3 a6 18. Ne2 Qb6 19. b4 c5 20. Nf4 Rad8 21. Nxg6 Nxg6 22. Bxg6 Qxg6 23. bxc5 Bxc5 24. a4 Bb4 25. Re3 d4 26. Rd3 Bc3 27. Rb1 b6 28. Qf3 Rd7 29. Rbd1 Qe6 30. Qh5 f6 31. f4 fxe5 32. fxe5 Rde7 33. Rb1 Rb7 34. Bf4 Rf8 35. g3 b5 36. axb5 axb5 37. Rf1 Ra7 38. g4 b4 39. Rdf3 Ra1 40. Rxa1 Bxa1 41. Kg2 Qc6 42. Kg3 Bc3 43. Rf1 Bd2 44. Qh4 Bxf4+ 45. Rxf4 Qc3+ 46. Kg2 Rxf4 0-1

[Event "Milan SSM op-B 08"]
[Site "Milan"]
[Date "2014.08.03"]
[Round "6"]
[White "Carito, Riccardo"]
[Black "Conta, Diego"]
[Result "0-1"]
[WhiteElo "1732"]
[BlackElo "1669"]
[PlyCount "80"]
[EventDate "2014.07.29"]
[EventType "swiss"]
[EventRounds "7"]
[EventCountry "ITA"]
[SourceTitle "EXT 2022"]
[Source "ChessBase"]
[SourceDate "2021.10.06"]
[SourceVersion "1"]
[SourceVersionDate "2021.10.06"]
[SourceQuality "1"]

1. d4 Nf6 2. Nf3 g6 3. Bf4 Bg7 4. Nbd2 d6 5. e3 0-0 6. Bc4 a6 7. a3 b5 8. Ba2 Bb7 9. 0-0 Nbd7 10. c4 c5 11. cxb5 axb5 12. dxc5 Nxc5 13. Qe2 Nh5 14. Rab1 Nxf4 15. exf4 Qd7 16. Rfe1 e6 17. Nb3 Ra4 18. Nxc5 dxc5 19. Ne5 Qe8 20. Rbd1 Re4 21. Qc2 Rxe1+ 22. Rxe1 c4 23. Rd1 Bd5 24. f3 Bh6 25. Ng4 Bg7 26. Ne5 Qe7 27. Qe2 Qc7 28. Bb1 Rc8 29. Rc1 Qa7+ 30. Qf2 Qc7 31. Qe3 f6 32. Ng4 h5 33. Nf2 f5 34. Qd2 Qc5 35. Kh1 Bd4 36. Rc2 Be3 37. Nd3 Bxd2 38. Nxc5 Bxf4 39. Nd7 Rd8 40. Nb6 Bb8 0-1

[Event "Robecchetto op-B 24th"]
[Site "Robecchetto"]
[Date "2013.12.29"]
[Round "5"]
[White "Coqueraut, Lodewyk"]
[Black "Conta, Diego"]
[Result "1/2-1/2"]
[WhiteElo "1724"]
[BlackElo "1652"]
[PlyCount "89"]
[EventDate "2013.12.27"]
[EventType "swiss"]
[EventRounds "6"]
[EventCountry "ITA"]
[SourceTitle "EXT 2015"]
[Source "ChessBase"]
[SourceDate "2014.11.20"]
[SourceVersion "1"]
[SourceVersionDate "2014.11.20"]
[SourceQuality "1"]

1. d4 Nf6 2. c4 g6 3. Nc3 d5 4. Nf3 Bg7 5. cxd5 Nxd5 6. e4 Nxc3 7. bxc3 c5 8. Be3 Nc6 9. Qd2 Qa5 10. h3 0-0 11. Bc4 cxd4 12. cxd4 Qxd2+ 13. Kxd2 Rd8 14. Kc3 Na5 15. Be2 Be6 16. Rhd1 Rac8+ 17. Kd2 Nc4+ 18. Bxc4 Bxc4 19. Ke1 Ba6 20. Rac1 b6 21. Kd2 e6 22. Rxc8 Rxc8 23. Rc1 Rxc1 24. Kxc1 Bf1 25. Ne1 Bf8 26. Bd2 Ba3+ 27. Kc2 Bc4 28. Kb1 f5 29. e5 Bd5 30. f3 Bc4 31. h4 Kg7 32. g3 h6 33. Bc3 g5 34. h5 Bb5 35. Kc2 g4 36. Kb3 Be7 37. fxg4 fxg4 38. a4 Be8 39. Nd3 Bxh5 40. Nf4 Bf7 41. d5 exd5 42. e6+ Bf6 43. Bxf6+ Kxf6 44. exf7 Kxf7 45. Nxd5 1/2-1/2

[Event "Milan Crespi op-B 34th"]
[Site "Milan"]
[Date "2013.12.08"]
[Round "7"]
[White "Conta, Diego"]
[Black "Pavlidis, Pavlos"]
[Result "1-0"]
[WhiteElo "1652"]
[BlackElo "1459"]
[PlyCount "67"]
[EventDate "2013.12.04"]
[EventType "swiss"]
[EventRounds "7"]
[EventCountry "ITA"]
[SourceTitle "EXT 2015"]
[Source "ChessBase"]
[SourceDate "2014.11.20"]
[SourceVersion "1"]
[SourceVersionDate "2014.11.20"]
[SourceQuality "1"]

1. e4 c5 2. f4 e6 3. Nf3 Nc6 4. Nc3 d5 5. exd5 exd5 6. d3 Nf6 7. g3 Bg4 8. Bg2 Nd4 9. 0-0 Be7 10. Ne2 Nxf3+ 11. Bxf3 Bh3 12. Bg2 Qd7 13. Rf2 0-0 14. Qf1 Bxg2 15. Qxg2 Ng4 16. Rf3 Rfe8 17. h3 Nf6 18. Bd2 d4 19. c4 Bd6 20. b3 Re7 21. g4 Rae8 22. Ng3 Qc7 23. g5 Nd7 24. Ne4 Kh8 25. Nxd6 Qxd6 26. Kf1 Qe6 27. Rf2 Qf5 28. Qf3 Re3 29. Bxe3 Rxe3 30. Re1 Qxd3+ 31. Kg1 Ne5 32. Rxe3 Qxe3 33. fxe5 Qxg5+ 34. Qg2 1-0

[Event "Milan Crespi op-B 34th"]
[Site "Milan"]
[Date "2013.12.06"]
[Round "3"]
[White "Conta, Diego"]
[Black "Gorini, Michele"]
[Result "1-0"]
[WhiteElo "1652"]
[BlackElo "1486"]
[PlyCount "120"]
[EventDate "2013.12.04"]
[EventType "swiss"]
[EventRounds "7"]
[EventCountry "ITA"]
[SourceTitle "EXT 2015"]
[Source "ChessBase"]
[SourceDate "2014.11.20"]
[SourceVersion "1"]
[SourceVersionDate "2014.11.20"]
[SourceQuality "1"]

1. e4 b6 2. Bc4 Bb7 3. d3 e6 4. Nf3 Nf6 5. 0-0 Be7 6. Nc3 c5 7. Bb3 0-0 8. Re1 d6 9. Bg5 Nc6 10. h3 a6 11. Qe2 Nd7 12. Bxe7 Qxe7 13. Nd1 Na5 14. Ne3 Nxb3 15. axb3 d5 16. exd5 exd5 17. Nf5 Qxe2 18. Rxe2 Rfe8 19. Rxe8+ Rxe8 20. Nd6 Rb8 21. Nxb7 Rxb7 22. Rxa6 Kf8 23. Ra8+ Ke7 24. Ra1 f5 25. Nd2 Kf6 26. f4 h6 27. Kf2 Nb8 28. Kf3 Nc6 29. c3 d4 30. g4 g5 31. fxg5+ hxg5 32. gxf5 Ne5+ 33. Ke2 Kxf5 34. Rf1+ Kg6 35. Ne4 Rf7 36. Rxf7 Nxf7 37. cxd4 cxd4 38. Nd2 Kf5 39. Nf3 Kf4 40. Kf2 Ne5 41. Nxe5 Kxe5 42. Kg3 Kf6 43. Kg4 Kg6 44. b4 b5 45. h4 gxh4 46. Kxh4 Kf5 47. Kg3 Kg5 48. Kf3 Kf5 49. b3 Ke5 50. Kg4 Kd5 51. Kf5 Kd6 52. Ke4 Ke6 53. Kxd4 Kd6 54. Ke4 Ke6 55. d4 Kd6 56. d5 Kc7 57. Ke5 Kd7 58. d6 Kc8 59. Kd5 Kd7 60. Kc5 Ke6 1-0

[Event "Milan Crespi op-C 33rd"]
[Site "Milan"]
[Date "2012.12.07"]
[Round "3"]
[White "Conta, Diego"]
[Black "Trent, Alan M"]
[Result "0-1"]
[WhiteElo "1656"]
[BlackElo "1706"]
[PlyCount "104"]
[EventDate "2012.12.05"]
[EventType "swiss"]
[EventRounds "7"]
[EventCountry "ITA"]
[SourceTitle "EXT 2024"]
[Source "ChessBase"]
[SourceDate "2023.10.10"]
[SourceVersion "1"]
[SourceVersionDate "2023.10.10"]
[SourceQuality "1"]

1. e4 g6 2. d4 c6 3. c4 d5 4. Nc3 dxe4 5. Nxe4 Bf5 6. Ng3 Nf6 7. Nxf5 Qa5+ 8. Bd2 Qxf5 9. Nf3 Bg7 10. h3 0-0 11. Be3 Nbd7 12. Bd3 Qa5+ 13. Qd2 Qxd2+ 14. Nxd2 e5 15. dxe5 Nxe5 16. Be2 Rfd8 17. 0-0 Nd3 18. b3 Nb4 19. Nf3 Ne4 20. Rad1 Rxd1 21. Rxd1 Nc3 22. Rd2 Nbxa2 23. Bf1 Nb4 24. Rd7 b6 25. Ng5 c5 26. Nxf7 Nc2 27. Bh6 Bf6 28. Bd3 Nd4 29. Ng5 Bxg5 30. Bxg5 a5 31. Rd8+ Rxd8 32. Bxd8 Nxb3 33. Bxb6 a4 34. Bc2 Ne2+ 35. Kh2 Ned4 36. Bb1 Nc6 37. Bc2 Nb4 38. Bd1 Na2 39. Bc7 Nac1 40. Kg3 a3 41. Be5 a2 42. Bxb3 Nxb3 43. Bc3 Kf7 44. Kf4 Ke6 45. Ke4 a1Q 46. Bxa1 Nxa1 47. f4 Nb3 48. g4 Nd2+ 49. Kd3 Nf3 50. Ke4 Nd4 51. h4 Nb3 52. h5 gxh5 0-1

[Event "Crema op 14th"]
[Site "Crema"]
[Date "2012.08.31"]
[Round "1"]
[White "Conta, Diego"]
[Black "Barucco, Mattia"]
[Result "0-1"]
[WhiteElo "1656"]
[BlackElo "2000"]
[PlyCount "66"]
[EventDate "2012.08.31"]
[EventType "swiss"]
[EventRounds "6"]
[EventCountry "ITA"]
[SourceTitle "EXT 2014"]
[Source "ChessBase"]
[SourceDate "2013.11.20"]
[SourceVersion "1"]
[SourceVersionDate "2013.11.20"]
[SourceQuality "1"]

1. e4 c6 2. d4 d5 3. exd5 cxd5 4. Nf3 Bg4 5. Be2 Nf6 6. h3 Bxf3 7. Bxf3 Nc6 8. Bf4 Qb6 9. Nc3 e6 10. Na4 Qxd4 11. Qxd4 Nxd4 12. Bd1 Rc8 13. c3 Nc6 14. Be2 Be7 15. 0-0 0-0 16. Be3 h6 17. Nc5 b6 18. Nb3 Ne5 19. Nd2 Bc5 20. Bf4 Ng6 21. Bg3 e5 22. Ba6 Rcd8 23. Rfe1 Bd6 24. Rad1 Nh5 25. Bh2 Nhf4 26. Nf3 Bb8 27. Bf1 Rfe8 28. g3 Ne6 29. Bb5 Re7 30. Bc6 e4 31. Nd4 Ne5 32. Kg2 Nxd4 33. cxd4 Nxc6 0-1

[Event "Lugano New op 5th"]
[Site "Lugano"]
[Date "2011.04.22"]
[Round "1"]
[White "Conta, Diego"]
[Black "Salvetti, Alec"]
[Result "0-1"]
[WhiteElo "1688"]
[BlackElo "2262"]
[PlyCount "134"]
[EventDate "2011.04.22"]
[EventType "swiss"]
[EventRounds "6"]
[EventCountry "SUI"]
[SourceTitle "CBM 142 Extra"]
[Source "ChessBase"]
[SourceDate "2011.06.27"]
[SourceVersion "1"]
[SourceVersionDate "2011.06.27"]
[SourceQuality "1"]

1. d4 d5 2. c4 dxc4 3. e4 c5 4. d5 Nf6 5. Nc3 b5 6. Nxb5 Qa5+ 7. Nc3 Nxe4 8. Qa4+ Qxa4 9. Nxa4 Bd7 10. f3 Bxa4 11. fxe4 g6 12. Bxc4 Bg7 13. Rb1 Bc2 14. Ra1 Bxe4 15. Nf3 Nd7 16. 0-0 Bxf3 17. Rxf3 0-0 18. Bb5 Nb6 19. Bc6 Rad8 20. Rd3 c4 21. Rd1 e6 22. d6 Nc8 23. d7 Ne7 24. Ba4 Nd5 25. Rb1 c3 26. Rxd5 exd5 27. bxc3 Bxc3 28. Ba3 Rb8 29. Rb3 Bd4+ 30. Kf1 Bb6 31. Bxf8 Kxf8 32. Rb2 Ke7 33. Re2+ Kd6 34. Re8 Bd8 35. Re2 Rb4 36. Bb3 f5 37. Rd2 Rf4+ 38. Ke2 Kxd7 39. Rxd5+ Ke7 40. g3 Re4+ 41. Kf3 Bb6 42. Rd3 h5 43. Bd5 Re1 44. Bb3 Rf1+ 45. Kg2 Rf2+ 46. Kh1 Kf6 47. h4 Ke5 48. Rd5+ Ke4 49. Rd6 Kf3 50. Rxg6 Rf1+ 51. Kh2 Bg1+ 52. Kh3 Rf2 53. Bd5+ Ke3 54. Bg2 Rxa2 55. Rg5 f4 56. Re5+ Kd2 57. Rxh5 Ra3 58. Kg4 Rxg3+ 59. Kxf4 Rxg2 60. Rd5+ Kc3 61. h5 Bd4 62. Ra5 Kb4 63. Rd5 Bc3 64. Rd7 a5 65. Rb7+ Kc4 66. h6 Rh2 67. h7 a4 0-1

[Event "Monza Province-ch"]
[Site "Ceriano Laghetto"]
[Date "2011.03.28"]
[Round "6"]
[White "Regorda, Vittorio"]
[Black "Conta, Diego"]
[Result "1-0"]
[WhiteElo "1876"]
[BlackElo "1708"]
[PlyCount "88"]
[EventDate "2011.02.??"]
[EventType "swiss"]
[EventRounds "6"]
[EventCountry "ITA"]
[SourceTitle "EXT 2024"]
[Source "ChessBase"]
[SourceDate "2023.10.10"]
[SourceVersion "1"]
[SourceVersionDate "2023.10.10"]
[SourceQuality "1"]

1. d4 d5 2. c4 e6 3. Nf3 Nf6 4. g3 c6 5. Nbd2 Bd6 6. Bg2 0-0 7. 0-0 Nbd7 8. Qc2 Re8 9. e4 dxe4 10. Nxe4 Nxe4 11. Qxe4 Nf6 12. Qe2 Be7 13. b3 Nd7 14. Bb2 Bf6 15. Rad1 Qc7 16. Rfe1 b6 17. Ne5 Bb7 18. Ng4 Be7 19. Qf3 Nf6 20. Ne5 Rac8 21. h4 Red8 22. h5 h6 23. g4 Ba8 24. Qe2 Bb4 25. Rf1 Be7 26. f4 c5 27. g5 Bxg2 28. Qxg2 Nxh5 29. Qg4 g6 30. gxh6 cxd4 31. Nxg6 Kh7 32. Nxe7 Rg8 33. Nxg8 Rxg8 34. Qxg8+ Kxg8 35. Rxd4 Ng3 36. Rf2 Nf5 37. h7+ Kxh7 38. Rh2+ Kg6 39. Rdd2 Qc5+ 40. Rhf2 Ng3 41. Bd4 Qc6 42. Rg2 Qf3 43. Kh2 Qxf4 44. Rxg3+ Kh5 1-0

[Event "Monza Province-ch"]
[Site "Ceriano Laghetto"]
[Date "2011.02.??"]
[Round "3"]
[White "Conta, Diego"]
[Black "Sala, Pierluigi"]
[Result "1-0"]
[WhiteElo "1708"]
[BlackElo "1508"]
[PlyCount "86"]
[EventDate "2011.02.??"]
[EventType "swiss"]
[EventRounds "6"]
[EventCountry "ITA"]
[SourceTitle "EXT 2024"]
[Source "ChessBase"]
[SourceDate "2023.10.10"]
[SourceVersion "1"]
[SourceVersionDate "2023.10.10"]
[SourceQuality "1"]

1. d4 d5 2. c4 e6 3. Nc3 Nf6 4. Nf3 Nbd7 5. Bg5 Be7 6. e3 c5 7. Be2 0-0 8. 0-0 cxd4 9. Nxd4 dxc4 10. Bxc4 Nb6 11. Bd3 Bd7 12. Rc1 a6 13. h3 Nbd5 14. Nxd5 Nxd5 15. Bxe7 Qxe7 16. Qh5 Nf6 17. Qh4 g6 18. Rc7 Kg7 19. Rxb7 Qd6 20. Be2 e5 21. Nf3 Rab8 22. Rxb8 Rxb8 23. b3 Rb4 24. Qg3 Bb5 25. Bxb5 Rxb5 26. Nd4 Qd7 27. Nxb5 Qxb5 28. f3 Nd7 29. Rd1 Nf6 30. Qf2 Nd5 31. e4 Nf4 32. Rd2 h5 33. Kh2 g5 34. g3 Ng6 35. Rd5 Qb4 36. Qd2 Qf8 37. Qxg5 Qc8 38. Qd2 h4 39. gxh4 Nf4 40. Rxe5 Qxh3+ 41. Kg1 Qg3+ 42. Kf1 Qh3+ 43. Ke1 Qxh4+ 1-0

[Event "Modena Province-ch"]
[Site "Ceriano Laghetto"]
[Date "2010.02.??"]
[Round "3"]
[White "Conta, Diego"]
[Black "Longo, Giovanni"]
[Result "1/2-1/2"]
[WhiteElo "1763"]
[BlackElo "1641"]
[PlyCount "44"]
[EventDate "2010.02.02"]
[EventType "swiss"]
[EventRounds "6"]
[EventCountry "ITA"]
[SourceTitle "EXT 2024"]
[Source "ChessBase"]
[SourceDate "2023.10.10"]
[SourceVersion "1"]
[SourceVersionDate "2023.10.10"]
[SourceQuality "1"]

1. d4 d5 2. c4 c6 3. Nc3 Nf6 4. Bg5 e6 5. e3 Be7 6. Nf3 0-0 7. Bd3 Nbd7 8. 0-0 c5 9. cxd5 Nxd5 10. Bxe7 Nxe7 11. Qc2 Ng6 12. Rad1 Qe7 13. Rfe1 a6 14. d5 Qd6 15. dxe6 Qxe6 16. Bf5 Qc6 17. Be4 Qe6 18. Bf5 Qc6 19. Nd5 Re8 20. e4 Nde5 21. Nxe5 Nxe5 22. Bxc8 Raxc8 1/2-1/2

[Event "Modena Province-ch"]
[Site "Ceriano Laghetto"]
[Date "2010.02.??"]
[Round "4"]
[White "Santarelli, Sabatino"]
[Black "Conta, Diego"]
[Result "0-1"]
[WhiteElo "1658"]
[BlackElo "1763"]
[PlyCount "74"]
[EventDate "2010.02.02"]
[EventType "swiss"]
[EventRounds "6"]
[EventCountry "ITA"]
[SourceTitle "EXT 2024"]
[Source "ChessBase"]
[SourceDate "2023.10.10"]
[SourceVersion "1"]
[SourceVersionDate "2023.10.10"]
[SourceQuality "1"]

1. b3 e5 2. Bb2 d6 3. e3 Nf6 4. d4 exd4 5. exd4 Bg4 6. Nf3 d5 7. h3 Bh5 8. Nbd2 Bd6 9. Be2 0-0 10. 0-0 c6 11. Re1 Re8 12. c4 Nbd7 13. a4 Bb4 14. Ba3 Bxa3 15. Rxa3 Ne4 16. b4 f5 17. cxd5 cxd5 18. Bb5 Nxd2 19. Rxe8+ Qxe8 20. Qxd2 a6 21. Bxd7 Qxd7 22. Ne5 Qd6 23. Rc3 Rf8 24. Qa2 Be8 25. Rc5 Bc6 26. f4 Rc8 27. Qc2 Qe6 28. Kh2 g6 29. b5 axb5 30. axb5 Bd7 31. Nxd7 Rxc5 32. Nxc5 Qe3 33. g3 b6 34. Nb3 Qe6 35. h4 h5 36. Kg2 Qe4+ 37. Kh2 Qxc2+ 0-1

[Event "Milan Crespi op-B 30th"]
[Site "Milan"]
[Date "2009.12.06"]
[Round "3"]
[White "Conta, Diego"]
[Black "Bernasconi, Roberto"]
[Result "0-1"]
[WhiteElo "1749"]
[BlackElo "1941"]
[PlyCount "88"]
[EventDate "2009.12.04"]
[EventType "swiss"]
[EventRounds "7"]
[EventCountry "ITA"]
[SourceTitle "EXT 2012"]
[Source "ChessBase"]
[SourceDate "2011.11.24"]
[SourceVersion "1"]
[SourceVersionDate "2011.11.24"]
[SourceQuality "1"]

1. d4 d5 2. c4 dxc4 3. e4 e5 4. Be3 Bb4+ 5. Nc3 c6 6. Bxc4 Qe7 7. h3 Nf6 8. f3 0-0 9. a3 Ba5 10. Nge2 Rd8 11. b4 Bb6 12. Na4 exd4 13. Bf2 Nbd7 14. Nxb6 Nxb6 15. Bd3 c5 16. bxc5 Qxc5 17. 0-0 Be6 18. Qc1 Na4 19. Bxd4 Rxd4 20. Qxc5 Nxc5 21. Nxd4 Nxd3 22. Nxe6 fxe6 23. Rfd1 Nc5 24. Ra2 Kf7 25. Rad2 Ke7 26. Kf2 Ncxe4+ 27. fxe4 Nxe4+ 28. Ke3 Nxd2 29. Rxd2 Rd8 30. Rb2 b6 31. Ke4 Rd5 32. Rc2 Kf6 33. Rf2+ Rf5 34. Rc2 h5 35. Rd2 g5 36. Rc2 Rf4+ 37. Ke3 Ra4 38. Ra2 Ke5 39. Ra1 b5 40. Kd3 a5 41. Kc2 b4 42. Kb3 Rxa3+ 43. Rxa3 bxa3 44. Kxa3 Kd4 0-1

[Event "Lugano New op 3rd"]
[Site "Lugano"]
[Date "2009.04.30"]
[Round "1"]
[White "Karl, Hans"]
[Black "Conta, Diego"]
[Result "1-0"]
[WhiteElo "2233"]
[BlackElo "1784"]
[PlyCount "97"]
[EventDate "2009.04.30"]
[EventType "swiss"]
[EventRounds "6"]
[EventCountry "SUI"]
[SourceTitle "EXT 2011"]
[Source "ChessBase"]
[SourceDate "2010.11.26"]
[SourceVersion "1"]
[SourceVersionDate "2010.11.26"]
[SourceQuality "1"]

1. d4 d5 2. c4 e6 3. Nc3 c6 4. Nf3 Nf6 5. e3 dxc4 6. Bxc4 b5 7. Bb3 Bb7 8. 0-0 Be7 9. a3 a6 10. Qe2 0-0 11. e4 c5 12. Rd1 cxd4 13. Nxd4 Qc7 14. Bg5 h6 15. Be3 Nc6 16. Rac1 Nxd4 17. Bxd4 Rac8 18. Nd5 Qd8 19. Rxc8 Bxc8 20. Nxf6+ Bxf6 21. Bc5 Qc7 22. Bxf8 Kxf8 23. Qd2 Ke8 24. Rc1 Qb8 25. g3 Bb7 26. f3 Bg5 27. f4 Qa7+ 28. Kf1 Bd8 29. Rd1 Be7 30. Qd7+ Kf8 31. Bc2 Qe3 32. Qd3 Qb6 33. b4 a5 34. Qd4 Qxd4 35. Rxd4 axb4 36. axb4 Bc6 37. Ke2 Ke8 38. e5 Bd7 39. Kd2 Kd8 40. Kc3 Kc7 41. Be4 f5 42. Bf3 g6 43. Rd1 h5 44. Ra1 h4 45. Ra7+ Kc8 46. Ra8+ Kc7 47. Rg8 hxg3 48. hxg3 Bc6 49. Rg7 1-0

[Event "Ceriano Laghetto op"]
[Site "Ceriano Laghetto"]
[Date "2009.03.10"]
[Round "6"]
[White "Conta, Diego"]
[Black "Origgio, Stefano"]
[Result "1/2-1/2"]
[WhiteElo "1751"]
[BlackElo "1551"]
[PlyCount "162"]
[EventDate "2009.02.03"]
[EventType "swiss"]
[EventRounds "6"]
[EventCountry "ITA"]
[SourceTitle "EXT 2011"]
[Source "ChessBase"]
[SourceDate "2010.11.26"]
[SourceVersion "1"]
[SourceVersionDate "2010.11.26"]
[SourceQuality "1"]

1. d4 Nf6 2. c4 e6 3. Nc3 Bb4 4. Qc2 c5 5. e3 0-0 6. a3 Bxc3+ 7. Qxc3 b6 8. Nf3 Bb7 9. Be2 Nc6 10. 0-0 Ne4 11. Qc2 f5 12. b3 Rc8 13. Bb2 cxd4 14. exd4 d6 15. Rad1 Ne7 16. Nd2 Ng6 17. f3 Nxd2 18. Qxd2 f4 19. d5 e5 20. Bd3 Qg5 21. Qc2 Rcd8 22. Bxg6 hxg6 23. Bc3 Kf7 24. Rf2 Bc8 25. Kf1 Rh8 26. h3 Bf5 27. Qd2 Qe7 28. Re1 g5 29. Ree2 Qd7 30. Ke1 Rhe8 31. Kf1 Rh8 32. Ke1 Rde8 33. Kd1 Rd8 34. Re1 Rhe8 35. Rfe2 Rc8 36. Rg1 b5 37. g4 Bg6 38. Qa2 bxc4 39. b4 Qa4+ 40. Kc1 Bd3 41. Rd2 e4 42. fxe4 Rxe4 43. Qb2 Rg8 44. Rgd1 f3 45. Rf2 Kg6 46. Re1 Rxe1+ 47. Bxe1 Be2 48. Qc2+ Qxc2+ 49. Kxc2 Re8 50. a4 Re3 51. Bc3 Bd3+ 52. Kd2 Re2+ 53. Rxe2 Bxe2 54. b5 Bd3 55. Ke3 f2 56. Kxf2 Be4 57. Bd4 Bxd5 58. Bxa7 c3 59. Be3 Bc4 60. b6 Ba6 61. Ke1 d5 62. Kd1 Kf7 63. Kc2 g6 64. Bxg5 Ke6 65. Kxc3 Kd6 66. h4 Be2 67. a5 Kc6 68. Be3 Kb7 69. Kd4 Bxg4 70. Kxd5 Bf3+ 71. Kd6 Ka6 72. Kc7 Be4 73. Bg5 Bf3 74. Kd6 Be4 75. Ke5 Bc2 76. Kf6 Be4 77. Bd2 Bd3 78. Kg5 Be4 79. h5 gxh5 80. Kxh5 Bf3+ 81. Kg5 Be4 1/2-1/2

[Event "Bratto op-B 28th"]
[Site "Bratto"]
[Date "2008.08.30"]
[Round "8"]
[White "Conta, Diego"]
[Black "Napoli, Ferdinando"]
[Result "1-0"]
[WhiteElo "1825"]
[BlackElo "1829"]
[PlyCount "41"]
[EventDate "2008.08.23"]
[EventType "swiss"]
[EventRounds "9"]
[EventCountry "ITA"]
[SourceTitle "EXT 2011"]
[Source "ChessBase"]
[SourceDate "2010.11.26"]
[SourceVersion "1"]
[SourceVersionDate "2010.11.26"]
[SourceQuality "1"]

1. d4 Nf6 2. c4 g6 3. Nc3 Bg7 4. e4 d6 5. Bg5 Nbd7 6. Be2 0-0 7. Nf3 a6 8. 0-0 e5 9. dxe5 dxe5 10. Qc2 c6 11. Rad1 Qc7 12. Rd2 Nc5 13. b4 Ne6 14. Bh4 Nd7 15. Be7 Re8 16. Bd6 Qb6 17. Na4 Qa7 18. c5 Bf8 19. Nxe5 Bxd6 20. Nxd7 Be7 21. Nab6 1-0